000 03216cam a2200337 4500500
005 20260201053508.0
041 _afre
042 _adc
100 1 0 _aScialom, Lizette
_eauthor
245 0 0 _aNutrition fonctionnelle en santé intégrative : une approche systémique face aux maladies chroniques
260 _c2025.
500 _a43
520 _aLes maladies chroniques non transmissibles (MCNT), telles que les maladies cardiovasculaires, le diabète de type 2 ou certains cancers liés au mode de vie, représentent aujourd'hui près de 75 % des décès mondiaux. Leur progression est fortement influencée par des facteurs modifiables, en particulier l'alimentation. Au-delà d'un simple apport énergétique, l'alimentation agit comme un vecteur d'information biologique capable de moduler le microbiote intestinal, l'immunité, le métabolisme et l'expression génique. La nutrition fonctionnelle s'inscrit dans une approche systémique et personnalisée qui vise à identifier les déséquilibres sous-jacents (inflammation chronique, stress oxydatif, dysbiose) et à proposer des interventions adaptées au profil individuel. Soutenue par des preuves cliniques robustes (études PREDIMED, DASH, Ornish), elle offre une stratégie préventive et thérapeutique complémentaire à la médecine conventionnelle. Intégrée dans une vision humaniste et multidimensionnelle de la santé, la nutrition fonctionnelle constitue un levier majeur face aux MCNT et ouvre la voie à une médecine de précision durable.
520 _aNon-communicable chronic diseases (NCDs), including cardiovascular disease, type 2 diabetes, and certain lifestyle-related cancers, currently account for nearly 75% of global deaths. Their progression is strongly influenced by modifiable factors, particularly nutrition. Beyond providing energy, food acts as a biological information system able to modulate the gut microbiota, immunity, metabolism, and gene expression. Functional nutrition adopts a systemic and personalized approach aimed at identifying underlying imbalances (chronic low-grade inflammation, oxidative stress, dysbiosis) and designing targeted interventions. Supported by robust clinical evidence (PREDIMED, DASH, Ornish trials), it offers preventive and therapeutic strategies that complement conventional medicine. Embedded in a humanistic multidimensional vision of health, functional nutrition represents a powerful lever against NCDs and supports the development of sustainable precision healthcare.
690 _ainflammation chronique
690 _aMaladies chroniques non transmissibles
690 _amédecine de précision
690 _amicrobiote intestinal
690 _anutrition fonctionnelle
690 _aprévention
690 _asanté intégrative
690 _achronic inflammation
690 _afunctional nutrition
690 _agut microbiota
690 _aintegrative health
690 _aNon-communicable chronic diseases (NCDs)
690 _aprecision medicine
690 _aprevention
786 0 _nHegel | 154 | 4 | 2025-12-22 | p. 9-15 | 2269-0530
856 4 1 _uhttps://stm.cairn.info/revue-hegel-2025-4-page-9?lang=fr&redirect-ssocas=7080
999 _c1639531
_d1639531